000 00194 a2200097 4500
001 1526
100 _aRolfe, D.
245 _aAirplanes of the world
260 _a
_bSimon
_c
090 _c1067
_d1067
942 _aNUST-CAE
_cM
_c747
999 _c236599
_d236599